000
00352nam a2200145 a 4500
001
1159
005
20140414131918.0
008
040201s19uu xx 00 eng d
050
_a
ER
_b
L46 1976
100
_a
Fujikawa, Gyo
245
_a
Let's play! /
_c
Gyo Fujikawa.
260
_a
Japan :
_b
Zokeisha,
_c
1976.
300
_a
p. ; cm.
999
_c
111597
_d
111597